100.000 kilómetros tras los ovnis / (Registro nro. 10392)

Detalles MARC
000 -LIDER
fixed length control field 00796nam a22002657a 4500
001 - NÚMERO DE CONTROL
Identificador de número de control 00005160
003 - IDENTIFICACDOR DE NÚMERO DE CONTROL
control field DO-SdBNP
005 - DATE AND TIME OF LATEST TRANSACTION
control field 20180119113941.0
007 - CAMPOS FIJOS DE DESCRIPCIÓN FÍSICA
fixed length control field 00005160
008 - ELEMENTOS DE LONGITUD FIJA
fixed length control field 160615b 1989 sa a b ||||| |||| 00| 0 spa d
020 ## - ISBN
International Standard Book Number 8401479045
040 ## - FUENTE DE CATALOGACIÓN
Agencia que crea de manera original el registro BPMSU
Idioma de catalogación spa
Agencia que realiza la transcripción BPMSU
092 ## - LOCALLY ASSIGNED DEWEY DECIMAL CALL NUMBER
Número de clasificación xxxx
Número de ítem (Cutter) xxxx
100 1# - ASIENTO PRINCIPAL -- NOMBRE PERSONAL
Nombre personal Benítez, J. J.,
Fechas asociadas con el nombre 1946-
245 10 - MENCIÓN DE TITULO
Título 100.000 kilómetros tras los ovnis /
Mención de responsabilidad J.J. Benítez.
246 10 - VARIACION DEL TÍTULO
Título propiamente dicho o título corto Cien mil kilómetros tras los ovnis
250 ## - MENCIÓN DE EDICION
Mención de edición 3ª ed.
260 ## - PUBLICACIÓN, DISTRIBUCIÓN, ETC. (PIE DE IMPRENTA)
Lugar de publicación, distribución, etc Esplugas de Llobregat (Barcelona) :
Nombre del editor, distribuidor, etc. Plaza & Janés,
Fecha de publicación, distribución, etc 1989.
300 ## - DESCRIPCIÓN FÍSICA
Extensión 334 p. :
Otros detalles físicos il., mapas retrs. ;
Dimensiones 18 cm.
490 1# - MENCIÓN DE SERIES
Mención de serie Otros horizontes
Volume/sequential designation 20/4
830 #0 - ASIENTO SECUNDARIO DE SERIE--TÍTULO UNIFORME
Título uniforme Otros horizontes
Número de la parte o sección de una obra 20/4
942 ## - ADDED ENTRY ELEMENTS (KOHA)
Source of classification or shelving scheme Dewey Decimal Classification
Koha item type Libros
945 ## - INFORMACIÓN DE PROCESAMIENTO LOCAL
Información de procesamiento local Inventariado, 2018/LP
956 ## - LOCAL ELECTRONIC LOCATION AND ACCESS (OCLC)
Nombre de host LOPEREZ
Número de acceso 10
Información de compresión 20160615
Existencias
Withdrawn status Lost status Source of classification or shelving scheme Damaged status Not for loan Collection code Home library Current library Date acquired Source of acquisition Total Checkouts Barcode Date last seen Price effective from Koha item type
    Dewey Decimal Classification     Colección General Biblioteca Pública Metropolitana Salomé Ureña Biblioteca Pública Metropolitana Salomé Ureña 06/15/2016 Donación   BPMSU16060196 06/15/2016 06/15/2016 Libros